000 00402nam a2200169Ia 4500
005 20250923145832.0
008 008 250917s9999 xx 000 0 eng d
037 _aPeriodicals
040 _aDSWL
_beng
_cDSWL
041 _aeng
_2eng
084 _qDSWL
245 0 _aEconomic and political weekly
260 _aNew Delhi
_c1984
300 _a1008p.
942 _cCR
999 _c1456294
_d1456294